000 00523nam a2200181 i 4500
001 25926
003 ES-MaACL
005 20230906153345.0
007 t|
008 030103s1968 sp ||||1| cat d
100 1 _aArnaud, Georges.
_923067
245 1 3 _aEl salari de la por /
_cGeorges Arnaud ; [traducció Miquel Martí Pol].
250 _a[1ª ed.].
260 _a[Barcelona :
_bEdicions 62],
_c1968.
300 _a143 p. ;
_c20 cm.
700 1 _aMartí i Pol, Miquel.
_977220
852 _aES-MaACL
_jC-48547
_bR.67869
999 _c25926
_d25926